Top 20 NBA Point Leaders in 2024-25 - Statistics

General Stats
  • This quiz has been taken 17 times
  • The average score is 17 of 20
Answer Stats
Points Team Player % Correct
2,071 DEN Nikola Jokić
100%
2,484 OKC Shai Gilgeous-Alexander
100%
2,177 MIN Anthony Edwards
94%
1,923 PHX Devin Booker
94%
2,036 MIL Giannis Antetokounmpo
94%
1,932 BOS Jayson Tatum
94%
1,647 PHX Kevin Durant
94%
1,710 LAL LeBron James
94%
1,841 ATL Trae Young
94%
1,718 GSW Stephen Curry
88%
1,830 DET Cade Cunningham
82%
1,701 CLE Donovan Mitchell
82%
1,690 NYK Jalen Brunson
82%
1,802 LAC James Harden
82%
1,641 MEM Jaren Jackson Jr.
82%
1,759 NYK Karl-Anthony Towns
82%
1,724 CHI/SAC Zach LaVine
82%
1,710 SAC DeMar DeRozan
76%
1,840 MIA Tyler Herro
76%
1,723 HOU Jalen Green
65%
No matching quizzes found
Score Distribution
Percent of People with Each Score
Percentile by Number Answered
Your Score History
You have not taken this quiz